000 00436nam a2200181Ia 4500
001 15429
005 20260306170155.0
008 260306t2001||||xx |||||||||||||| ||und||
041 _aESP
082 _a540
_bCH516
100 _aChamizo Guerrero, José Antonio
_eAUT
245 0 _aProblemas de Química
260 _c2001
300 _axiv : 174 páginas :
_c27 cm.
650 _aGEN
654 _aCCN
942 _cLIB
_dJUS
_fJUS
_2ddc
_n
999 _c15429
_d15429